| 000 | 00594nam a22002057a 4500 | ||
|---|---|---|---|
| 003 | OSt | ||
| 005 | 20160519131007.0 | ||
| 008 | 160519b xxu||||| |||| 00| 0 eng d | ||
| 020 | _a9780470045176 | ||
| 040 | _cDDC. | ||
| 082 | _a591.5GOO 2010. | ||
| 100 |
_aJudith,Goodenough;McGuire,Betty;Jakob,Elizabeth; _98870 |
||
| 245 | _aPerspectives on Animal Behaviour. | ||
| 250 | _a3rd ed. | ||
| 260 |
_aNew Jersey. _bWiley&Sons,inc. _c2010. |
||
| 300 |
_axv,528p; _bill; _c30cm. |
||
| 504 | _aGlossary,References,Credits and index are included. | ||
| 650 |
_aBiology. _95602 |
||
| 942 |
_2ddc _cSLOAN |
||
| 999 |
_c4101 _d4101 |
||